[Event "Hampshire-chB"]
[Site "Fareham"]
[Date "2022.11.05"]
[Round "3"]
[White "Arnold, Simon D"]
[Black "Blanden, Edward"]
[Result "1-0"]
[WhiteElo "1867"]
[BlackElo "1724"]
[PlyCount "65"]
[EventDate "2022.11.04"]
[EventType "swiss"]
[EventRounds "6"]
[EventCountry "ENG"]
[SourceTitle "EXT 2024"]
[Source "ChessBase"]
[SourceDate "2023.10.10"]
[SourceVersion "1"]
[SourceVersionDate "2023.10.10"]
[SourceQuality "1"]

1. e4 c6 2. d4 d5 3. Nd2 dxe4 4. Nxe4 Nf6 5. Nxf6+ exf6 6. c3 Bd6 7. Bd3 b6 8. Ne2 Qc7 9. Ng3 g6 10. Bh6 Bf8 11. Qd2 Qe7+ 12. Kd1 Be6 13. Bf4 g5 14. Be3 Qd7 15. h4 g4 16. h5 Bd6 17. Ne4 Be7 18. Bh6 f5 19. Ng3 Qd5 20. Kc2 Nd7 21. Qf4 b5 22. Nxf5 Bxf5 23. Bxf5 0-0-0 24. Bg7 Rhg8 25. h6 b4 26. Bxh7 bxc3 27. bxc3 Rge8 28. Be4 Qc4 29. Bd3 Qa4+ 30. Kd2 Qa5 31. Bf5 Bb4 32. Rhc1 Ba3 33. Rcb1 1-0